Loving solutions; overcoming barriers in your marriage. (Record no. 16211)

000 -LEADER
fixed length control field 00512nam a2200169 a 4500
001 - CONTROL NUMBER
control field :::00019017$&:&@@
003 - CONTROL NUMBER IDENTIFIER
control field OkBaRHE
005 - DATE AND TIME OF LATEST TRANSACTION
control field 20010129144038.0
008 - FIXED-LENGTH DATA ELEMENTS--GENERAL INFORMATION
fixed length control field s1998 j 000 0 eng u
040 ## - CATALOGING SOURCE
Transcribing agency
100 1# - MAIN ENTRY--PERSONAL NAME
Personal name Chapman, Gary
245 10 - TITLE STATEMENT
Title Loving solutions; overcoming barriers in your marriage.
260 ## - PUBLICATION, DISTRIBUTION, ETC. (IMPRINT)
Place of publication, distribution, etc Chicago
Name of publisher, distributor, etc Northfield Publishing
Date of publication, distribution, etc 1998
300 ## - PHYSICAL DESCRIPTION
Extent 214 p.
942 ## - ADDED ENTRY ELEMENTS (KOHA)
Source of classification or shelving scheme
Koha item type Books
Copies
Damaged status Date acquired Copy number Lost status Price effective from Shelving location Koha item type Barcode Permanent Location Not for loan Full call number Withdrawn status Date last seen Source of classification or shelving scheme
 2010-04-141 2010-04-14General StacksBooks19017RHEMA Bible Training College HQ 734 .C468 2010-04-14